[Event "COL-ch sf"]
[Site "Palmira"]
[Date "2020.11.15"]
[Round "6"]
[White "Quinones, Fernando"]
[Black "Lopez Idarraga, Daniel Eduardo"]
[Result "0-1"]
[WhiteElo "1695"]
[BlackElo "2009"]
[PlyCount "62"]
[EventDate "2020.11.12"]
[EventType "swiss"]
[EventRounds "8"]
[EventCountry "COL"]
[SourceTitle "CBM 199 Extra"]
[Source "ChessBase"]
[SourceDate "2021.01.31"]
[SourceVersion "1"]
[SourceVersionDate "2021.01.31"]
[SourceQuality "1"]

1. c4 c6 2. d4 d5 3. e3 Nf6 4. Nf3 Bf5 5. Nc3 e6 6. a3 Bd6 7. h3 Nbd7 8. Be2 Ne4 9. 0-0 0-0 10. Bd2 Qf6 11. cxd5 exd5 12. Rc1 Rae8 13. Ne1 Qg6 14. Bh5 Qh6 15. Nxe4 dxe4 16. Bg4 Bxg4 17. Qxg4 f5 18. Qd1 Kh8 19. Qb3 Re7 20. Bb4 Nb6 21. a4 Bxb4 22. Qxb4 Nd5 23. Qc5 Ref7 24. Nc2 g5 25. Na3 g4 26. hxg4 fxg4 27. g3 Rf5 28. Qc2 Re8 29. Rfe1 Qh3 30. f4 gxf3 31. Qf2 Rh5 0-1

[Event "COL-ch sf"]
[Site "Palmira"]
[Date "2020.11.14"]
[Round "5"]
[White "Dominguez, Laura Lucia"]
[Black "Quinones, Fernando"]
[Result "1-0"]
[WhiteElo "1970"]
[BlackElo "1695"]
[PlyCount "55"]
[EventDate "2020.11.12"]
[EventType "swiss"]
[EventRounds "8"]
[EventCountry "COL"]
[SourceTitle "CBM 199 Extra"]
[Source "ChessBase"]
[SourceDate "2021.01.31"]
[SourceVersion "1"]
[SourceVersionDate "2021.01.31"]
[SourceQuality "1"]

1. e4 e6 2. Qe2 e5 3. f4 d6 4. Nf3 Nc6 5. Nc3 Nf6 6. Qf2 Ng4 7. Qg3 Nb4 8. Kd1 exf4 9. Qe1 Be7 10. h3 Ne5 11. d4 Nxf3 12. gxf3 g5 13. d5 c5 14. a3 Na6 15. h4 f6 16. hxg5 fxg5 17. e5 Kf8 18. e6 Nc7 19. Qe4 Kg7 20. Bd3 Qg8 21. Bxf4 Ne8 22. Kd2 Nf6 23. Qf5 h6 24. Rag1 Nxd5 25. Bxg5 Bxg5+ 26. Rxg5+ hxg5 27. Qg6+ Kf8 28. Rxh8 1-0

[Event "COL pre olympic sf2"]
[Site "Palmira"]
[Date "2019.05.29"]
[Round "1"]
[White "Quinones, Fernando"]
[Black "Rios Parra, Alejandro"]
[Result "0-1"]
[WhiteElo "1724"]
[BlackElo "2266"]
[PlyCount "30"]
[EventDate "2019.05.29"]
[EventType "swiss"]
[EventRounds "10"]
[EventCountry "COL"]
[SourceTitle "CBM 190 Extra"]
[Source "ChessBase"]
[SourceDate "2019.07.15"]
[SourceVersion "1"]
[SourceVersionDate "2019.07.15"]
[SourceQuality "1"]

1. c4 f5 2. d4 e6 3. Nc3 Nf6 4. Bg5 Bb4 5. e3 0-0 6. Nf3 b6 7. Qc2 Bb7 8. Be2 Qe8 9. Bxf6 Rxf6 10. 0-0 Bxc3 11. Qxc3 Qh5 12. Kh1 Rg6 13. d5 Qg4 14. g3 exd5 15. Ne5 d4+ 0-1

[Event "COL-chT Interligas"]
[Site "Palmira"]
[Date "2019.04.28"]
[Round "4.3"]
[White "Acuna, Nelson David"]
[Black "Quinones, Fernando"]
[Result "1-0"]
[WhiteElo "1894"]
[BlackElo "1724"]
[PlyCount "55"]
[EventDate "2019.04.27"]
[EventType "team-swiss"]
[EventRounds "6"]
[EventCountry "COL"]
[SourceTitle "CBM 190 Extra"]
[Source "ChessBase"]
[SourceDate "2019.07.15"]
[SourceVersion "1"]
[SourceVersionDate "2019.07.15"]
[SourceQuality "1"]
[WhiteTeam "Atlantico"]
[BlackTeam "Valle Talentos Palmira"]
[WhiteTeamCountry "COL"]
[BlackTeamCountry "COL"]

1. e4 e6 2. d4 d5 3. e5 c5 4. c3 Nc6 5. Nf3 cxd4 6. cxd4 h6 7. Be2 Bb4+ 8. Nc3 a6 9. 0-0 Bd7 10. Be3 Rc8 11. a3 Bxc3 12. bxc3 Na5 13. Bd2 Nc4 14. Bxc4 Rxc4 15. Qb3 b5 16. Ne1 a5 17. Nd3 a4 18. Qd1 Ne7 19. Nc5 0-0 20. Qh5 Qc7 21. Nxd7 Qxd7 22. f4 Kh7 23. g4 g6 24. Qh4 Kg7 25. f5 Ng8 26. f6+ Kh7 27. Bxh6 Nxh6 28. g5 1-0

[Event "Palmira op"]
[Site "Palmira"]
[Date "2018.09.22"]
[Round "5"]
[White "Galindo, Gustavo"]
[Black "Quinones, Fernando"]
[Result "0-1"]
[WhiteElo "1958"]
[BlackElo "1697"]
[PlyCount "38"]
[EventDate "2018.09.20"]
[EventType "swiss"]
[EventRounds "7"]
[EventCountry "COL"]
[SourceTitle "CBM 187 Extra"]
[Source "ChessBase"]
[SourceDate "2018.11.04"]
[SourceVersion "1"]
[SourceVersionDate "2018.11.04"]
[SourceQuality "1"]

1. b4 e6 2. Bb2 d5 3. e3 Nf6 4. a3 c5 5. bxc5 Bxc5 6. d4 Bd6 7. c4 0-0 8. Nc3 Qa5 9. Nf3 Nc6 10. Bd3 h6 11. 0-0 dxc4 12. Bxc4 a6 13. Qd2 b5 14. Bd3 Bb7 15. e4 Be7 16. d5 exd5 17. exd5 Na7 18. Rfe1 Bd6 19. Bc2 Rad8 0-1

[Event "COL pre olympic sf3"]
[Site "Dosquebradas"]
[Date "2018.06.01"]
[Round "5"]
[White "Quinones, Fernando"]
[Black "Pardo Sierra, Aurelio"]
[Result "0-1"]
[WhiteElo "1769"]
[BlackElo "2020"]
[PlyCount "90"]
[EventDate "2018.05.30"]
[EventType "swiss"]
[EventRounds "10"]
[EventCountry "COL"]
[SourceTitle "CBM 184 Extra"]
[Source "ChessBase"]
[SourceDate "2018.06.28"]
[SourceVersion "1"]
[SourceVersionDate "2018.06.28"]
[SourceQuality "1"]

1. c4 Nf6 2. d4 e6 3. Nc3 d5 4. e3 c5 5. Nf3 Nc6 6. cxd5 exd5 7. Be2 Bf5 8. a3 a6 9. 0-0 c4 10. Nd2 Be7 11. b3 b5 12. Bb2 Rb8 13. Na2 0-0 14. b4 Bd6 15. g3 Re8 16. Nc3 Qd7 17. Bf3 Bc7 18. Re1 Re7 19. Rc1 Rbe8 20. Nf1 Bd3 21. Qd2 h5 22. Be2 Bg6 23. Bf3 Qf5 24. Bg2 Qd7 25. Bf3 Nd8 26. Qd1 Ne6 27. Qd2 Ng5 28. Bg2 Bf5 29. f3 Bd3 30. Nd1 Qf5 31. Qf2 Nh3+ 32. Bxh3 Qxh3 33. Bc3 Re6 34. Qd2 Qf5 35. Qf2 Nh7 36. Qg2 Ng5 37. Nd2 Rf6 38. f4 Ne4 39. Nxe4 Bxe4 40. Qd2 h4 41. Nf2 hxg3 42. Nxe4 gxh2+ 43. Qxh2 Qxe4 44. Kf2 Bxf4 45. exf4 Rxf4+ 0-1

[Event "Colombia Mire Lea Florida Cup"]
[Site "Colombia"]
[Date "2010.10.18"]
[Round "7.13"]
[White "Buila Cortes, Harry Yersson"]
[Black "Quinones, Fernando"]
[Result "0-1"]
[WhiteElo "1600"]
[BlackElo "1595"]
[PlyCount "22"]
[EventDate "2010.10.16"]
[EventType "swiss"]
[EventRounds "7"]
[EventCountry "COL"]
[SourceTitle "EXT 2024"]
[Source "ChessBase"]
[SourceDate "2023.10.10"]
[SourceVersion "1"]
[SourceVersionDate "2023.10.10"]
[SourceQuality "1"]

1. e4 c5 2. Bc4 g6 3. Nf3 Nc6 4. d3 Bg7 5. c3 d6 6. Be3 Nf6 7. Qd2 Ng4 8. a3 Nxe3 9. Qxe3 0-0 10. 0-0 Qb6 11. b3 Nb4 0-1

[Event "Cali op-C"]
[Site "Cali"]
[Date "2008.12.28"]
[Round "5"]
[White "Torres, Saulo de Jesus"]
[Black "Quinones, Fernando"]
[Result "1-0"]
[WhiteElo "1750"]
[BlackElo "1608"]
[PlyCount "77"]
[EventDate "2008.12.26"]
[EventType "swiss"]
[EventRounds "9"]
[EventCountry "COL"]
[SourceTitle "EXT 2011"]
[Source "ChessBase"]
[SourceDate "2010.11.26"]
[SourceVersion "1"]
[SourceVersionDate "2010.11.26"]
[SourceQuality "1"]

1. e4 c5 2. Nf3 d6 3. d4 cxd4 4. Nxd4 Nf6 5. Nc3 g6 6. Be3 Bg7 7. f3 0-0 8. Qd2 Nc6 9. h4 Nxd4 10. Bxd4 Be6 11. h5 Qa5 12. hxg6 hxg6 13. g4 Rfc8 14. Be2 Bc4 15. 0-0-0 b5 16. Kb1 b4 17. Bxc4 Rxc4 18. Ne2 Qb5 19. Ng3 Nxe4 20. Nxe4 Rxd4 21. Qh2 Rxd1+ 22. Rxd1 Qe5 23. Qxe5 Bxe5 24. Rd5 a5 25. Rb5 Kg7 26. Nd2 Rh8 27. a3 bxa3 28. bxa3 Rh1+ 29. Ka2 Ra1+ 30. Kb3 Rd1 31. Nc4 Rb1+ 32. Ka4 Rxb5 33. Kxb5 Bc3 34. Nxa5 Bxa5 35. Kxa5 e5 36. c4 d5 37. cxd5 Kf6 38. Kb6 Ke7 39. Kc7 1-0